Territories with Google Street View - Sudden Death - Statistics

General Stats
  • This quiz has been taken 26 times
    23 since last reset
  • The average score is 14 of 26
Answers on the Grid
Answers color-coded by a green-red scale on the quiz's grid according to % correct below.
Akrotiri and Dhekelia
Åland
American Samoa
Anguilla
Antarctica
Aruba
Ashmore and Cartier Islands
Bermuda
Bouvet Island
British Indian Ocean Territory
British Virgin Islands
Cayman Islands
Christmas Island
Clipperton Island
Cocos (Keeling) Islands
Cook Islands
Coral Sea Islands
Curaçao
Falkland Islands
Faroe Islands
French Polynesia
French Southern and Antarctic Lands
Gibraltar
Greenland
Guam
Guernsey
Heard Island and McDonald Islands
Hong Kong
Isle of Man
Jersey
Macau
Montserrat
New Caledonia
Niue
Norfolk Island
Northern Mariana Islands
Pitcairn Islands
Puerto Rico
Saint Barthélemy
Saint Helena, Ascension, and Tristan da Cunha
Saint Martin
Saint Pierre and Miquelon
Sint Maarten
South Georgia and the South Sandwich Islands
Svalbard and Jan Mayen
Tokelau
Turks and Caicos Islands
U.S. Minor Outlying Islands
U.S. Virgin Islands
Wallis and Futuna
 
Answer Stats
Answer % Correct
Isle of Man
100%
Puerto Rico
100%
American Samoa
88%
Bermuda
88%
Gibraltar
88%
Greenland
88%
Hong Kong
88%
Macau
88%
Åland
63%
Antarctica
63%
Faroe Islands
63%
U.S. Virgin Islands
63%
Curaçao
50%
Guam
50%
U.S. Minor Outlying Islands
50%
Akrotiri and Dhekelia
38%
Christmas Island
38%
Falkland Islands
38%
Northern Mariana Islands
38%
Jersey
25%
Saint Pierre and Miquelon
25%
South Georgia and the South Sandwich Islands
25%
Svalbard and Jan Mayen
25%
British Indian Ocean Territory
13%
Cocos (Keeling) Islands
13%
Pitcairn Islands
13%
No matching quizzes found
Score Distribution
Percent of People with Each Score
Percentile by Number Answered
Your Score History
You have not taken this quiz since the last reset